000 00973nam a2200265Ia 4500
003 OSt
005 20221005103544.0
006 a|||||r|||| 00| 0
007 ta
008 221004b |||||||| |||| 00| 0 hin d
020 _a9788192219479 (hbk)
_cIndian Rupees 595
024 _a35521
037 _bGift, 31/01/2018,
_cTextual
040 _aCRL
_cCRL
_bhin
041 _2hin
_ahin
082 _aR635, 152Q7
100 _aत्रिपाठी, संतोष, ले.
245 0 _aयोग एवं स्वास्थ्य प्रबंधन
246 _aYog evan swāsthya prabandhana
260 _aजयपुर
_bविनायक पब्किेशन्स भारत
_c2017
300 _a239पृ0
_ccm.
650 _aयोग दर्शनशास्त्र
_9157699
942 _hR635, 152Q7
_cTEXL
_2cc
999 _c1010274
_d1010274